000 00486nam a2200181Ia 4500
003 GCL
008 140319s9999 xx 000 0 ara d
040 _aGCL /
_cGCL
082 0 4 _aCC
_b905
_bI N
100 1 _aANDREW,GERALD
245 1 0 _aNOTE ON THE CHEPHREN DIORITE /
_cANDREW,GERALD
250 _a1
260 _aالقاهرة :
_bINSTITUTE FRANCAIS D'ARCHEOLOGIE ORIETAL
300 _a250:
_bILL ؛
_c21 cm.
650 0 4 _aEGYPT
650 0 4 _aEGYPT - ANTIQUITIES
942 _2ddc
_cBK
999 _c4915
_d4915